Alice no país das maravilhas (Registo nº 1939)

Detalhes MARC
000 -Etiqueta do registo
Cabeçalho 00739nam a22002651 4500
005 - Identificador da versão
Campo de controlo 20240813121920.0
010 ## - Número internacional normalizado dos livros (ISBN)
Número (ISBN) 9725746341
021 ## - Número do Depósito Legal
Código do país PT
Número 93310/95
100 ## - Dados gerais de processamento
Dados gerais de processamento 20070530d1996 cd y0pory5003 ba
102 ## - Pais de publicação ou produção
País de publicação Portugal
101 1# - Língua de publicação
Língua do texto, banda sonora, etc. Português
Língua do documento no original Inglês
106 ## - Campo de dados codificados: material textual
Dados codificados do material textual r
105 ## - Campo de dados codificados: livros
Dados codificados dos livros a z 000fy
215 ## - Descrição física 
Indicação específica da natureza do documento e extensão da espécie [28] p.
Outras indicações físicas muito il.
Dimensões 19 cm
200 1# - Titulo e menção de responsabilidade
Título próprio Alice no país das maravilhas
Primeira menção de responsabilidade história de Lewis Carroll
225 2# - Colecção 
Título próprio da colecção Clássicos ilustrados
210 ## - Publicação, Distribuição, etc. 
Lugar da edição, distribuição, etc. Queluz
Nome do editor, distribuidor, etc. Impala
Data da publicação, distribuição, etc. cop. 1996
606 ## - Nome comum usado como assunto
Número de registo de entrada de autoridade 0000559
Palavra de ordem Literatura estrangeira infantil
Subdivisão de assunto Romance de aventuras
675 ## - Classificação Decimal Universal (CDU)
Notação 82-311.3
Edição
Língua da edição por
700 #1 - Nome de autor-pessoa física (responsabilidade principal)
Número de registo de entrada de autoridade 0000560
Palavra de ordem Carroll
Outra parte do nome não tomada para palavra de ordem Lewis
942 ## - Elementos de entrada adicionados (Koha)
Tipo de item no Koha Livro
Exemplares
Situação do levantamento Origin of item (home branch) (coded) Biblioteca de empréstimo Código de barras Cota Circulation type (not for loan) Tipo de documento Nota do exemplar Damaged status
  Biblioteca Escolar da Coca Maravilhas Biblioteca Escolar da Coca Maravilhas BECM3980/98 8EST ALI   Livro Sem mensagem